Biggest Cities in Connecticut A-Z - Statistics

General Stats
  • This quiz has been taken 33 times
  • The average score is 7 of 13
Answer Stats
Letter Population Answer % Correct
B 148,333 Bridgeport
100%
H 120,576 Hartford
97%
N 135,081 New Haven
87%
D 86,759 Danbury
77%
S 136,309 Stamford
70%
W 113,811 Waterbury
67%
G 9,326 Groton
40%
M 60,517 Meriden
40%
T 35,357 Torrington
37%
L 1,198 Litchfield
30%
A 18,815 Ansonia
23%
J 3,398 Jewett City
10%
F 44 Fenwick
7%
No matching quizzes found
Score Distribution
Percent of People with Each Score
Percentile by Number Answered
Your Score History
You have not taken this quiz